| 000 | 00801cab a2200253 4500 | ||
|---|---|---|---|
| 001 | ABS40673 | ||
| 008 | 090401t1989 xxu||||| |||| 00| 0 eng d | ||
| 035 | _a(Sirsi) u25397 | ||
| 041 | _aeng | ||
| 100 | _aNash, T. | ||
| 245 | _aEstate agents : in need of some repair? | ||
| 260 | _c1989 | ||
| 350 | _a0 | ||
| 490 |
_aProperty Director _vSpring 1989, 22-25(3) |
||
| 520 | _aExamines the bad reputation that estate agents have and looks at how the industry can best be policed. | ||
| 650 | _aESTATE AGENTS ACT 1979 S22 | ||
| 650 | _aABOUT RICS-RELATED ORGANISATIONS-INCORPORATED SOCIETY OF VALUERS AND AUCTIONEERS | ||
| 650 | _aNAEA | ||
| 650 | _aPUBLIC IMAGE | ||
| 650 | _aRICS | ||
| 690 | _aMANAGEMENT-BUSINESS MANAGEMENT-PROFESSIONAL PRACTICE | ||
| 942 | _n0 | ||
| 948 | _c04/03/1997 | ||
| 999 |
_c17055 _d17055 |
||